Plán hospodárskeho a sociálneho rozvoja mikroregiónu Okna bakalárska práca

Guardado en:
Detalles Bibliográficos
Autor principal: Smoľák, Ján
Autor Corporativo: Podnikovohospodárska fakulta EU so sídlom v Košiciach. Katedra ekonómie
Otros Autores: Meheš, Marek
Formato: Libro
Lenguaje:eslovaco
Publicado: Košice 2011
Etiquetas: Agregar Etiqueta
Sin Etiquetas, Sea el primero en etiquetar este registro!

MARC

LEADER 00000nbm a2200000 4500
001 0139456
005 20240827092730.1
041 0 |a slo 
044 |a SK 
245 1 0 |a Plán hospodárskeho a sociálneho rozvoja mikroregiónu Okna  |b bakalárska práca  |c Ján Smoľák ; školiteľ: Marek Meheš 
264 1 |a Košice  |c 2011 
300 |a 46 s. 
100 1 |a Smoľák, Ján 
700 1 |a Meheš, Marek 
710 2 |a Podnikovohospodárska fakulta EU so sídlom v Košiciach. Katedra ekonómie